[Event "SR 3. liga A2 2017/2018"]
[Site "?"]
[Date "2017.12.17"]
[Round "6.4"]
[White "Kavuljak, Alojz"]
[Black "Kiss, Balazs"]
[Result "1-0"]
[WhiteElo "1704"]
[BlackElo "1287"]
[PlyCount "77"]
[EventDate "2017.??.??"]

1. e4 e5 2. Nf3 d6 3. d4 f6 4. dxe5 fxe5 5. Bc4 Be7 6. Qd5 Nh6 7. Bxh6 gxh6 8.
Qf7+ Kd7 9. Nc3 c6 10. O-O-O Kc7 11. Nxe5 Nd7 12. Nxd7 Bxd7 13. Qh5 Rf8 14. Qe2
Rf4 15. f3 Bg5 16. Kb1 Qf8 17. Bb3 a6 18. a3 b5 19. Qe1 Re8 20. Ne2 Rf6 21. Qc3
Re5 22. h4 Bf4 23. g3 b4 24. axb4 Bxg3 25. Nxg3 Rxf3 26. Qe1 Qf4 27. Ne2 Qxe4
28. Nc3 Qxb4 29. Nd5+ Rxd5 30. Qxb4 a5 31. Qe4 Rf2 32. Qe7 Rff5 33. Bxd5 cxd5
34. Rd3 Kc6 35. Rc3+ Kb5 36. Qxd7+ Ka6 37. Qxf5 d4 38. Qd3+ Kb7 39. Qxd4 1-0

[Event "SR 3. liga A2 2017/2018"]
[Site "?"]
[Date "2017.12.17"]
[Round "6.5"]
[White "Lanc, Alois"]
[Black "Provaznik, Michal"]
[Result "0-1"]
[WhiteElo "2307"]
[BlackElo "2196"]
[PlyCount "90"]
[EventDate "2017.??.??"]

1. e4 c5 2. Nf3 e6 3. d4 cxd4 4. Nxd4 a6 5. Nc3 d6 6. Be3 Nf6 7. f3 Qc7 8. g4
Nc6 9. Qd2 Ne5 10. O-O-O Be7 11. g5 Nfd7 12. f4 Nc4 13. Bxc4 Qxc4 14. Kb1 b5
15. f5 Ne5 16. Rhf1 Qc7 17. f6 Nc4 18. Qd3 gxf6 19. gxf6 Bf8 20. Bc1 Bd7 21. h4
b4 22. Nce2 Rb8 $11 23. Nf4 a5 24. b3 Ne5 25. Qg3 a4 26. Bb2 Qa5 27. Nd3 Nc6
28. Nxc6 Bxc6 29. Nf4 Bxe4 30. Rfe1 Qf5 31. Nd3 a3 32. Bd4 e5 33. Qe3 Bxd3 34.
Rxd3 Qxf6 35. Bxe5 dxe5 36. Rd5 Bd6 37. Qd3 Bc7 38. Qc4 Bd6 39. Qa6 Rd8 40.
Red1 e4 41. Qc6+ Kf8 42. c3 bxc3 43. Kc2 Qf2+ 44. Kxc3 Qb2+ 45. Kc4 Qc2+ 0-1

[Event "SR 3. liga A2 2017/2018"]
[Site "?"]
[Date "2017.12.17"]
[Round "6.5"]
[White "Sefcik, Marek"]
[Black "Kavon, Rastislav"]
[Result "1/2-1/2"]
[WhiteElo "1996"]
[BlackElo "2213"]
[PlyCount "47"]
[EventDate "2017.??.??"]

1. d4 Nf6 2. e3 g6 3. b3 Bg7 4. Bb2 O-O 5. Nd2 d6 6. Ngf3 Nbd7 7. Be2 b6 8. c4
Bb7 9. Qc2 Re8 10. O-O e5 11. dxe5 dxe5 12. Rfd1 Qe7 13. Rac1 c5 14. Nb1 Rad8
15. Nc3 Nb8 16. Rxd8 Rxd8 17. Rd1 Nc6 18. Rxd8+ Nxd8 19. Nb5 a6 20. Nc3 Qd6 21.
Qd2 Qxd2 22. Nxd2 Ne6 23. Bf3 Bxf3 24. Nxf3 1/2-1/2

[Event "SR 3. liga A2 2017/2018"]
[Site "?"]
[Date "2017.12.17"]
[Round "6.5"]
[White "Bango, Lukas"]
[Black "Jakubec, Milan"]
[Result "1-0"]
[WhiteElo "2116"]
[BlackElo "2021"]
[PlyCount "81"]
[EventDate "2017.??.??"]

1. e4 e5 2. f4 Bc5 3. Nf3 d6 4. Bc4 Nf6 5. Qe2 a6 6. d3 Nc6 7. c3 Bg4 8. h3
Bxf3 9. Qxf3 b5 10. Bb3 Qe7 11. Be3 Bxe3 12. Qxe3 exf4 13. Qxf4 Qe5 14. O-O
Qxf4 15. Rxf4 Ne5 16. d4 Ng6 17. Rf3 O-O 18. Nd2 Rae8 19. Bc2 c5 20. b4 cxb4
21. cxb4 Ne7 22. d5 Ng6 23. a4 Ne5 24. Rc3 Rc8 25. Raa3 Nfd7 26. axb5 axb5 27.
Bd1 Nb6 28. Be2 Nbc4 29. Bxc4 Nxc4 30. Nxc4 bxc4 31. Ra6 f5 32. exf5 Rxf5 33.
Rxd6 Kf7 34. Rc6 Rb8 35. R3xc4 Rxd5 36. Rc7+ Kf6 37. R4c6+ Kf5 38. Rf7+ Ke5 39.
Rxg7 Rd1+ 40. Kh2 Rxb4 41. Rg5+ 1-0

[Event "SR 3. liga A2 2017/2018"]
[Site "?"]
[Date "2017.12.17"]
[Round "6.5"]
[White "Hirmajer, Jan"]
[Black "Sekera, Branislav"]
[Result "1/2-1/2"]
[WhiteElo "1925"]
[BlackElo "2086"]
[PlyCount "71"]
[EventDate "2017.??.??"]

1. c4 Nf6 2. Nc3 e5 3. Nf3 d6 4. g3 c6 5. Bg2 Be7 6. O-O h6 7. d3 O-O 8. b4 Bg4
9. Rb1 Qc8 10. Re1 Nbd7 11. Qb3 Re8 12. Ba3 Nf8 13. b5 c5 14. Bc1 Ne6 15. e3
Bd8 16. Nd2 Ng5 17. f3 Be6 18. Nde4 Qd7 19. Nxg5 hxg5 20. Ne4 Nh7 21. Nc3 Ba5
22. Re2 Rac8 23. Bd2 Qd8 24. e4 Bxc3 25. Qxc3 b6 26. a4 f6 27. a5 Nf8 28. axb6
axb6 29. Ra1 Rb8 30. Ree1 Bf7 31. Ra7 Ne6 32. Be3 Re7 33. Rea1 Nd4 34. Bxd4
exd4 35. Qa3 f5 36. Ra8 1/2-1/2

[Event "SR 3. liga A2 2017/2018"]
[Site "?"]
[Date "2017.12.17"]
[Round "6.5"]
[White "Kozinka, Roman"]
[Black "Horak, Ivan"]
[Result "1/2-1/2"]
[WhiteElo "2005"]
[BlackElo "2018"]
[PlyCount "132"]
[EventDate "2017.??.??"]

1. e4 d5 2. exd5 Qxd5 3. Nc3 Qa5 4. Nf3 Bg4 5. Be2 e6 6. h3 Bh5 7. d4 c6 8. Ne5
Bxe2 9. Qxe2 Nf6 10. O-O Nbd7 11. Nc4 $11 Qc7 12. Bg5 O-O-O 13. Qf3 Re8 14. Bf4
Qd8 15. Rad1 Be7 16. Nd6+ Bxd6 17. Bxd6 Nb6 18. Bh2 Kd7 19. Nb5 Nc8 20. c4 Re7
21. d5 exd5 22. Bc7 Qe8 23. Qf5+ Re6 24. cxd5 Nxd5 25. Bg3 Nce7 26. Qf4 Qc8 27.
Qxf7 Qf8 28. Qh5 g6 29. Qg4 cxb5 30. Rfe1 Qf5 31. Rxe6 Qxe6 32. Qd4 Rg8 33.
Qxa7 Qa6 34. Qc5 Qc6 35. Qe3 Re8 36. Qe5 h6 37. Kh2 g5 38. a3 Rc8 39. Qg7 Rg8
40. Qe5 Rc8 41. Rd3 Qe6 42. Qd4 Rc4 43. Qa7 Kc6 44. f3 Qe2 45. Qb8 Qe6 46. b3
Rc2 47. Be5 Ng6 48. Rxd5 Kxd5 49. Qxb7+ Kxe5 50. Qe4+ Kf6 51. Qxc2 Qe5+ 52. g3
h5 53. Qc6+ Kf7 54. Qd7+ Ne7 55. Qd3 h4 56. f4 hxg3+ 57. Kxg3 Qxf4+ 58. Kg2 Qe5
59. a4 bxa4 60. Qc4+ Qd5+ 61. Qxd5+ Nxd5 62. bxa4 Kg6 63. a5 Kh5 64. a6 Kh4 65.
a7 Nb6 66. Kh2 g4 1/2-1/2

[Event "SR 3. liga A2 2017/2018"]
[Site "?"]
[Date "2017.12.17"]
[Round "6.5"]
[White "Kahanek, Jaroslav"]
[Black "Lopatievov, Alexander"]
[Result "1-0"]
[WhiteElo "1846"]
[BlackElo "1863"]
[PlyCount "81"]
[EventDate "2017.??.??"]

1. d4 c6 2. Nf3 Nf6 3. Nc3 d5 4. e3 Bg4 5. Be2 e6 6. a3 Nbd7 7. Nd2 Bxe2 8.
Qxe2 e5 9. e4 Qc7 10. exd5 Nxd5 11. Nxd5 cxd5 12. c4 Rc8 13. c5 Be7 14. b4 b6
15. O-O bxc5 16. dxc5 O-O 17. Nb3 Rfe8 18. Bb2 Bg5 19. g3 Nf6 20. Rad1 Qd7 21.
Qf3 d4 22. Qg2 Qe6 23. Na5 Nd5 24. Nb7 Be7 25. Rde1 Nc3 26. f4 f6 27. Bxc3 dxc3
28. fxe5 fxe5 29. Kh1 Rf8 30. Na5 Rxf1+ 31. Rxf1 Bf6 32. Qe4 Rd8 33. Re1 Rd2
34. Nc4 Rd4 35. Qxd4 exd4 36. Rxe6 c2 37. Re1 Bg5 38. c6 d3 39. c7 c1=Q 40.
c8=Q+ Kf7 41. Qe6+ 1-0

[Event "SR 3. liga A2 2017/2018"]
[Site "?"]
[Date "2017.12.17"]
[Round "6.5"]
[White "Slaba, Andrea"]
[Black "Zlamal, Marek"]
[Result "0-1"]
[WhiteElo "1948"]
[BlackElo "1822"]
[PlyCount "64"]
[EventDate "2017.??.??"]

1. d4 d5 2. Nf3 Nf6 3. g3 e6 4. Bg2 c5 5. c4 Nc6 6. cxd5 Nxd5 7. O-O Be7 8. Nc3
Nxc3 9. bxc3 O-O 10. Bb2 Rb8 11. e4 b5 12. dxc5 Bxc5 13. Nd4 Na5 14. Nb3 Qb6
15. Nxa5 Qxa5 16. a3 e5 17. Qh5 Qc7 18. Rac1 f6 19. Bh3 Qe7 20. Ra1 Bxh3 21.
Qxh3 Rfd8 22. Rfd1 Rd6 23. Qf1 a6 24. c4 Rxd1 25. Qxd1 bxc4 26. Qd5+ Kh8 27.
Bc3 Rc8 28. Bb2 Qa7 29. Rf1 h6 30. Qe6 Qb7 31. Kg2 Qxe4+ 32. f3 Qe2+ 0-1

[Event "SR 3. liga A2 2017/2018"]
[Site "?"]
[Date "2017.12.17"]
[Round "6.5"]
[White "Husek, Lubomir"]
[Black "Bango, Dominik"]
[Result "0-1"]
[WhiteElo "1839"]
[BlackElo "1770"]
[PlyCount "44"]
[EventDate "2017.??.??"]

1. e4 e5 2. Nf3 Nc6 3. Bc4 Bc5 4. c3 d6 5. h3 Nf6 6. d3 O-O 7. b4 Bb6 8. a4 a5
9. b5 Ne7 10. Bg5 Ng6 11. O-O Be6 12. Nbd2 h6 13. Be3 d5 14. exd5 Nxd5 15. Bxd5
Qxd5 16. Bxb6 cxb6 17. d4 e4 18. c4 Qd7 19. Nxe4 Bxc4 20. Re1 Rfe8 21. Qd2 Bd5
22. Qf4 Nxf4 0-1

[Event "SR 3. liga A2 2017/2018"]
[Site "?"]
[Date "2017.12.17"]
[Round "6.6"]
[White "Blatnicky, Miroslav"]
[Black "Pagerka, Martin"]
[Result "1/2-1/2"]
[WhiteElo "2096"]
[BlackElo "2331"]
[PlyCount "126"]
[EventDate "2017.??.??"]

1. d4 Nf6 2. c4 e6 3. Nc3 d5 4. Nf3 Be7 5. Bg5 O-O 6. e3 b6 7. cxd5 Nxd5 8.
Nxd5 exd5 9. Bxe7 Qxe7 10. Qc2 Bb7 11. Rc1 Nd7 12. Bd3 g6 13. O-O c5 14. Bb5 c4
15. Qa4 Nf6 16. Ba6 Ne4 17. Rfd1 f6 18. Nd2 Nd6 19. b3 Bxa6 20. Qxa6 cxb3 21.
axb3 Rfc8 22. h3 Qb7 23. Qe2 a5 24. Qg4 f5 25. Qf4 Nb5 26. Nb1 Qe7 27. Qf3 Qe4
28. Qe2 Rxc1 29. Rxc1 Nxd4 30. Qb2 Nb5 31. Qf6 d4 32. Qxb6 dxe3 33. Qxb5 exf2+
34. Kf1 a4 35. Qc4+ Qxc4+ 36. bxc4 a3 37. Nd2 a2 38. Ra1 Ra3 39. Kxf2 Kf7 40.
Nf3 Ke6 41. Ke2 Kd6 42. Kd1 Kc5 43. Nd2 Kb4 44. Kc2 Rc3+ 45. Kb2 Rg3 46. Rxa2
Rxg2 47. Kc2 Rg3 48. Rb2+ Kc5 49. Rb3 Rg2 50. Rb7 h5 51. Rd7 h4 52. Kc3 Rg3+
53. Rd3 Rg1 54. Nb3+ Kc6 55. Nd4+ Kc5 56. Ne6+ Kc6 57. Kd4 g5 58. Ke5 g4 59.
Kxf5 gxh3 60. Rxh3 Rf1+ 61. Kg6 Kd6 62. Re3 h3 63. c5+ Kd5 1/2-1/2

[Event "SR 3. liga A2 2017/2018"]
[Site "?"]
[Date "2017.12.17"]
[Round "6.6"]
[White "Sebesta, Radovan"]
[Black "Mikudik, Ivan"]
[Result "1-0"]
[WhiteElo "2002"]
[BlackElo "1883"]
[PlyCount "87"]
[EventDate "2017.??.??"]

1. d4 Nf6 2. c4 e6 3. Nc3 d5 4. cxd5 exd5 5. Bg5 Be7 6. e3 O-O 7. Bd3 c6 8. Qc2
h6 9. Bh4 Re8 10. Nge2 Bg4 11. O-O Nbd7 12. Rab1 a6 13. Rfc1 g5 14. Bg3 Nh5 15.
h3 Nxg3 16. Nxg3 Be6 17. Bf5 Bf8 18. Nce2 Nf6 19. b4 Qd7 20. Bxe6 fxe6 21. a4
Rac8 22. Qd3 e5 23. dxe5 Rxe5 24. Nd4 Ne4 25. Nxe4 Rxe4 26. b5 axb5 27. axb5 c5
28. Ne2 c4 29. Qc2 Bg7 30. Rd1 Qf7 31. b6 Rf8 32. Ng3 Re5 33. Rb5 h5 34. Rc5 h4
35. Rc7 Re7 36. Rxe7 Qxe7 37. Nf5 Qe5 38. Rxd5 Qa1+ 39. Rd1 Qb2 40. Qxc4+ Kh8
41. Qg4 Qf6 42. e4 Rf7 43. Rd6 Qa1+ 44. Qd1 1-0

[Event "SR 3. liga A2 2017/2018"]
[Site "?"]
[Date "2017.12.17"]
[Round "6.6"]
[White "Podjavorinsky, Michal"]
[Black "Palka, Miroslav"]
[Result "0-1"]
[WhiteElo "1878"]
[BlackElo "1923"]
[PlyCount "122"]
[EventDate "2017.??.??"]

1. e4 c5 2. Nc3 Nc6 3. d3 g6 4. g3 Bg7 5. Bg2 e6 6. Be3 d6 7. Qd2 Nge7 8. Bh6
O-O 9. Bxg7 Kxg7 10. Nge2 d5 11. exd5 exd5 12. Nf4 Be6 13. h4 h5 14. Nxe6+ fxe6
15. g4 Rh8 16. O-O-O hxg4 17. Qe2 Nd4 18. Qxg4 Nef5 19. h5 Qf6 20. Rdg1 Raf8
21. Bf1 Ne7 22. Ne2 Nxe2+ 23. Qxe2 Qf4+ 24. Kb1 Rf6 25. Rg2 Qf3 26. Qxf3 Rxf3
27. Be2 Rf6 28. Rhg1 Rhf8 29. Bg4 Rxf2 30. Rxf2 Rxf2 31. hxg6 Rf6 32. Re1 Nxg6
33. Bxe6 d4 34. a3 b6 35. Bd5 Nf4 36. Bc4 Kf8 37. Rh1 Kg7 38. Rg1+ Rg6 39. Re1
Kf6 40. Re4 Kf5 41. Re7 a5 42. Ka2 Ng2 43. Bd5 Rg5 44. Be4+ Kf4 45. Kb3 Ne3 46.
Rb7 c4+ 47. Ka4 Nxc2 48. Rxb6 Ke3 49. Rh6 cxd3 50. Bh7 Ne1 51. Re6+ Kd2 52. Rd6
Nf3 53. Be4 Ke3 54. Bxf3 Kxf3 55. Kb3 Rc5 56. Rxd4 Ke3 57. Rd8 d2 58. Ka4 Ke2
59. b4 axb4 60. axb4 Rc3 61. b5 Rd3 0-1

[Event "SR 3. liga A2 2017/2018"]
[Site "?"]
[Date "2017.12.17"]
[Round "6.6"]
[White "Palka, Martin"]
[Black "Miciak, Emanuel"]
[Result "1/2-1/2"]
[WhiteElo "1859"]
[BlackElo "1885"]
[PlyCount "63"]
[EventDate "2017.??.??"]

1. e4 c5 2. Nf3 d6 3. d4 cxd4 4. Nxd4 Nf6 5. Nc3 a6 6. g3 e6 7. Bg2 Be7 8. O-O
O-O 9. Be3 Qc7 10. h3 Bd7 11. Nce2 Nc6 12. g4 Rac8 13. c3 Ne5 14. Ng3 Nc4 15.
Bc1 Rfd8 16. b3 Nb6 17. c4 d5 18. exd5 exd5 19. cxd5 Nfxd5 20. Nde2 Be6 21. Qe1
Bf6 22. Rb1 Nc3 23. Nxc3 Bxc3 24. Qe2 Bd7 25. a4 Bc6 26. Bxc6 Qxc6 27. Be3 Qe6
28. Bxb6 Qxb6 29. Rfd1 Rxd1+ 30. Qxd1 Rd8 31. Qf3 Bd4 32. Nf5 1/2-1/2

[Event "SR 3. liga A2 2017/2018"]
[Site "?"]
[Date "2017.12.17"]
[Round "6.6"]
[White "Bjel, Jan"]
[Black "Lanik, Miroslav"]
[Result "1/2-1/2"]
[WhiteElo "1821"]
[BlackElo "1827"]
[PlyCount "41"]
[EventDate "2017.??.??"]

1. e4 c5 2. Nf3 d6 3. d4 cxd4 4. Nxd4 Nf6 5. Bd3 a6 6. O-O e6 7. Bg5 Nbd7 8. c4
Qc7 9. Nd2 Be7 10. b4 b6 11. Re1 Bb7 12. Rc1 Rc8 13. f3 O-O 14. Nf1 Rfe8 15.
Ne3 Ne5 16. Bf1 Ng6 17. Nec2 h6 18. Be3 Bf8 19. Bf2 Ne5 20. Ne3 Nc6 21. a3
1/2-1/2

[Event "SR 3. liga A2 2017/2018"]
[Site "?"]
[Date "2017.12.17"]
[Round "6.6"]
[White "Huska, Branislav"]
[Black "Lajda, Dusan"]
[Result "1/2-1/2"]
[WhiteElo "1820"]
[BlackElo "1784"]
[PlyCount "46"]
[EventDate "2017.??.??"]

1. e4 c5 2. Nf3 d6 3. d4 cxd4 4. Nxd4 Nc6 5. c4 Nf6 6. Nc3 Bd7 7. Be2 g6 8. O-O
Bg7 9. Be3 O-O 10. f4 a6 11. Rc1 Rc8 12. b3 Nxd4 13. Bxd4 Bc6 14. Bf3 Ne8 15.
Nd5 Bxd5 16. exd5 Bxd4+ 17. Qxd4 Ng7 18. Be4 b6 19. f5 Qc7 20. f6 exf6 21. Qxf6
Rce8 22. Qd4 f5 23. Bf3 Re5 1/2-1/2

[Event "SR 3. liga A2 2017/2018"]
[Site "?"]
[Date "2017.12.17"]
[Round "6.6"]
[White "Jancovicova, Petra"]
[Black "Kir, Kvetoslav"]
[Result "1/2-1/2"]
[WhiteElo "1740"]
[BlackElo "1773"]
[PlyCount "60"]
[EventDate "2017.??.??"]

1. e4 Nf6 2. Nc3 d6 3. d4 g6 4. Nf3 Bg7 5. Be2 c6 6. O-O O-O 7. Re1 Qc7 8. Bf4
Nbd7 9. Qd2 Re8 10. e5 Nh5 11. exd6 exd6 12. Bc4 Ndf6 13. Rxe8+ Nxe8 14. Ng5
Nxf4 15. Bxf7+ Kh8 16. Qxf4 Nf6 17. Bb3 h6 18. Nf7+ Kh7 19. Qxd6 Ne8 20. Qxc7
Nxc7 21. Ne2 Be6 22. Bxe6 Nxe6 23. c3 Rf8 24. Nd6 b6 25. Re1 Rd8 26. Nc4 c5 27.
dxc5 Nxc5 28. g3 b5 29. Ne3 Rd2 30. Nd1 Nd3 1/2-1/2

[Event "SR 3. liga A2 2017/2018"]
[Site "?"]
[Date "2017.12.17"]
[Round "6.6"]
[White "Dest, Stanislav"]
[Black "Bajcar, Pavol"]
[Result "1-0"]
[WhiteElo "1485"]
[BlackElo "1666"]
[PlyCount "111"]
[EventDate "2017.??.??"]

1. d4 e6 2. c4 d5 3. Nc3 dxc4 4. e3 Bb4 5. Bxc4 Bd7 6. Nf3 Nf6 7. Qc2 Bxc3+ 8.
Qxc3 Bc6 9. Be2 Nbd7 10. O-O Qe7 11. a3 Nd5 12. Qc2 a6 13. Bd2 N7b6 14. Rac1 f6
15. Rfe1 Qd7 16. Bd3 Ne7 17. Be2 Rc8 18. Bb4 Bb5 19. Bxe7 Kxe7 20. Qc5+ Qd6 21.
Bxb5 axb5 22. Qxb5 Qd7 23. Qb3 Qd5 24. Qc2 c6 25. e4 Qb5 26. Re3 Rc7 27. d5 e5
28. Rb3 Qa5 29. Nd2 Nxd5 30. exd5 Qxd5 31. Qc5+ Qxc5 32. Rxc5 Rd8 33. Rc2 Rcd7
34. Nf1 Ke6 35. Rc1 Kf7 36. h3 Ke6 37. Ne3 Rc8 38. Nc4 Rcc7 39. Kf1 Rf7 40. Rd1
Rfe7 41. Rbd3 Kf7 42. Nd6+ Ke6 43. Ne4 b6 44. Rc3 Red7 45. Rxd7 Kxd7 46. Ke2 h6
47. Rg3 Ke6 48. Rd3 f5 49. Nc3 h5 50. h4 f4 51. f3 Kf5 52. Ne4 c5 53. Rd6 b5
54. Rd5 b4 55. Rxc5 Rb7 56. Nd6+ 1-0

[Event "SR 3. liga A2 2017/2018"]
[Site "?"]
[Date "2018.01.07"]
[Round "7.1"]
[White "Pagerka, Martin"]
[Black "Koutny, Petr"]
[Result "1-0"]
[WhiteElo "2325"]
[BlackElo "2186"]
[PlyCount "97"]
[EventDate "2017.??.??"]

1. e4 c5 2. Nf3 e6 3. d4 cxd4 4. Nxd4 Nf6 5. Nc3 d6 6. Be2 Be7 7. O-O O-O 8. a4
Nc6 9. Be3 Bd7 10. Ndb5 Qb8 11. Bf4 Ne5 12. Bg5 a6 13. f4 Nc6 14. Na3 Qc7 15.
Nc4 Na5 16. Nxa5 Qxa5 17. e5 dxe5 18. Bxf6 Bxf6 19. fxe5 Qxe5 20. Rxf6 gxf6 21.
Qxd7 Qc5+ 22. Kh1 Rfd8 23. Qxb7 Rab8 24. Qf3 Rxb2 25. Bd3 Rdb8 26. Qxf6 Qh5 27.
Rf1 R2b4 28. h3 R8b7 29. Bxa6 Rd7 30. Bd3 Qh4 31. Qf3 Qd4 32. Ne4 f5 33. Ng5
Qf6 34. Qe3 Re7 35. a5 Ra4 36. a6 h6 37. Ne4 Qe5 38. Qc5 Qg7 39. Nc3 Rh4 40.
Qc8+ Kf7 41. Nb5 Qg3 42. Bxf5 Rf4 43. Bxe6+ Kf6 44. Qf8+ Ke5 45. Qxf4+ Qxf4 46.
Rxf4 Kxf4 47. a7 Re8 48. Kh2 Ke5 49. c4 1-0

[Event "SR 3. liga A2 2017/2018"]
[Site "?"]
[Date "2018.01.07"]
[Round "7.1"]
[White "Kucharek, Jaroslav"]
[Black "Gasa, Patrik"]
[Result "1/2-1/2"]
[WhiteElo "2041"]
[BlackElo "2103"]
[PlyCount "34"]
[EventDate "2017.??.??"]

1. d4 g6 2. Nf3 Bg7 3. c3 c5 4. dxc5 Nc6 5. g3 Qa5 6. Be3 Nh6 7. b4 Qc7 8. Bxh6
Bxh6 9. Nbd2 Bg7 10. Rc1 a5 11. a3 axb4 12. axb4 Ra3 13. Nb1 Ra1 14. Nfd2 Qe5
15. Bg2 h5 16. O-O Qf6 17. f4 h4 1/2-1/2

[Event "SR 3. liga A2 2017/2018"]
[Site "?"]
[Date "2018.01.07"]
[Round "7.1"]
[White "Sebesta, Radovan"]
[Black "Stanec, Stanislav"]
[Result "1-0"]
[WhiteElo "2002"]
[BlackElo "2026"]
[PlyCount "123"]
[EventDate "2017.??.??"]

1. d4 d5 2. c4 e6 3. Nc3 Nf6 4. cxd5 exd5 5. Bg5 Be7 6. e3 O-O 7. Bd3 c6 8. Qc2
Nbd7 9. Nge2 Re8 10. O-O Nf8 11. Rab1 Ne4 12. Bxe7 Qxe7 13. b4 Nxc3 14. Nxc3
Qg5 15. Ne2 h5 16. Kh1 h4 17. h3 Qf6 18. b5 g5 19. bxc6 bxc6 20. Kg1 Qd6 21.
Rfc1 Re6 22. Qc5 Qxc5 23. Rxc5 Rd6 24. Ra5 Rd7 25. Rc1 Bb7 26. Ba6 Rc8 27. Bxb7
Rxb7 28. Rxd5 Ne6 29. Ra5 Rcc7 30. Nc3 Re7 31. d5 cxd5 32. Nxd5 Kg7 33. Nxe7
Rxe7 34. Rc4 Rb7 35. Rc6 Kf6 36. Rca6 Rb1+ 37. Kh2 Rf1 38. f3 Re1 39. e4 Re2
40. Rxe6+ Kxe6 41. Rxa7 f6 42. a4 Ra2 43. Ra8 Ra1 44. a5 Kf7 45. Ra6 Kg7 46.
Ra8 Kg6 47. a6 Kf7 48. a7 Kg7 49. g4 Ra2+ 50. Kg1 Ra1+ 51. Kf2 Ra2+ 52. Ke3 Ra4
53. Kd3 Ra3+ 54. Kc4 Ra1 55. Kc5 Rc1+ 56. Kd6 Ra1 57. Rc8 Ra6+ 58. Rc6 Ra1 59.
Rc7+ Kg6 60. Kc6 f5 61. exf5+ Kh6 62. f6 1-0

[Event "SR 3. liga A2 2017/2018"]
[Site "?"]
[Date "2018.01.07"]
[Round "7.1"]
[White "Hudacek, Josef"]
[Black "Palka, Miroslav"]
[Result "1-0"]
[WhiteElo "2052"]
[BlackElo "1934"]
[PlyCount "67"]
[EventDate "2017.??.??"]

1. e4 c5 2. Ne2 Nc6 3. g3 g6 4. Bg2 Bg7 5. d3 d6 6. O-O Be6 7. h3 Nf6 8. c3 O-O
9. Nd2 Bd7 10. f4 e5 11. f5 Ne7 12. g4 h6 13. Nf3 Nh7 14. Be3 g5 15. Qd2 Bc6
16. c4 Be8 17. h4 f6 18. Kf2 Nc6 19. Rh1 Rf7 20. Rh2 Nf8 21. Rah1 Rb8 22. hxg5
hxg5 23. Ng3 Rd7 24. Nh5 Bxh5 25. Rxh5 Qa5 26. Bxg5 Qxd2+ 27. Bxd2 b5 28. b3
bxc4 29. dxc4 a5 30. g5 a4 31. gxf6 Bxf6 32. Bg5 Bxg5 33. Nxg5 Nd4 34. f6 1-0

[Event "SR 3. liga A2 2017/2018"]
[Site "?"]
[Date "2018.01.07"]
[Round "7.1"]
[White "Skapikova, Lubica"]
[Black "Londin, Martin"]
[Result "1/2-1/2"]
[WhiteElo "1888"]
[BlackElo "1940"]
[PlyCount "101"]
[EventDate "2017.??.??"]

1. e4 b6 2. d4 Bb7 3. f3 e6 4. c4 d5 5. cxd5 exd5 6. Nc3 Bb4 7. Qa4+ Nc6 8. Bb5
Bxc3+ 9. bxc3 Nge7 10. e5 O-O 11. Ne2 a6 12. Bd3 Ng6 13. O-O Nce7 14. f4 f5 15.
exf6 Rxf6 16. f5 Nf8 17. Bg5 Rf7 18. Nf4 Qd7 19. Qxd7 Nxd7 20. g4 Nf6 21. h3
Ne4 22. Bxe4 dxe4 23. Ne6 b5 24. Rfe1 Nd5 25. Nc5 Bc6 26. Nxe4 Re8 27. Rac1 h6
28. Bd2 Nf6 29. Nxf6+ Rxf6 30. Bf4 Rf7 31. Rxe8+ Bxe8 32. Re1 Bc6 33. Re6 Bb7
34. Be5 a5 35. Rg6 Kh7 36. Kf2 Bd5 37. a3 c6 38. Kg3 Rb7 39. Bd6 Bf7 40. Re6
Bxe6 41. fxe6 Kg6 42. Kf4 Kf6 43. e7 Kf7 44. h4 Ra7 45. Kf5 Ra8 46. Ke5 Ra7 47.
Bc5 Rd7 48. Bd6 Ra7 49. Kf5 Rd7 50. Ke5 Ra7 51. Kf5 1/2-1/2

[Event "SR 3. liga A2 2017/2018"]
[Site "?"]
[Date "2018.01.07"]
[Round "7.1"]
[White "Hrubsa, Marian"]
[Black "Lanik, Miroslav"]
[Result "1-0"]
[WhiteElo "1924"]
[BlackElo "1827"]
[PlyCount "87"]
[EventDate "2017.??.??"]

1. e4 c5 2. Nf3 d6 3. d4 cxd4 4. Nxd4 Nf6 5. Nc3 a6 6. Be2 e6 7. Be3 Be7 8. O-O
Qc7 9. f4 O-O 10. Qe1 Bd7 11. Qg3 Nc6 12. a3 Rac8 13. Rad1 Nxd4 14. Bxd4 Bc6
15. e5 Ne8 16. f5 exf5 17. Rxf5 dxe5 18. Bxe5 Qb6+ 19. Bd4 Qc7 20. Qf2 Bf6 21.
Bb6 Qb8 22. Bc5 Rd8 23. Bxf8 Kxf8 24. Bd3 Kg8 25. Kh1 Nd6 26. Rh5 h6 27. Rxh6
Bxc3 28. Rxd6 Rxd6 29. bxc3 Qd8 30. Qf5 g6 31. Qf4 Rf6 32. Qe5 Rf2 33. Rg1 Qh4
34. Qb8+ Kg7 35. Qe5+ Kg8 36. Qb8+ Kg7 37. Qg3 Qf6 38. Qe3 Rf4 39. Qg3 Ra4 40.
Rf1 Qxc3 41. Rxf7+ Kxf7 42. Bxg6+ Kg7 43. Qxc3+ Kxg6 44. h3 1-0

[Event "SR 3. liga A2 2017/2018"]
[Site "?"]
[Date "2018.01.07"]
[Round "7.1"]
[White "Huska, Branislav"]
[Black "Harastova, Viera"]
[Result "1-0"]
[WhiteElo "1819"]
[BlackElo "1830"]
[PlyCount "101"]
[EventDate "2017.??.??"]

1. e4 e5 2. Nf3 Nc6 3. Bb5 a6 4. Ba4 b5 5. Bb3 Be7 6. d4 exd4 7. Nxd4 Na5 8.
Bxf7+ Kxf7 9. Qh5+ Kf8 10. e5 c6 11. a4 Qe8 12. Qe2 Qg6 13. O-O Bc5 14. axb5
Bxd4 15. Rxa5 cxb5 16. Qf3+ Ke7 17. Qxa8 Nh6 18. Nc3 Bxc3 19. bxc3 Rf8 20. Ba3+
Kd8 21. Bxf8 Ng4 22. Qd5 Qb6 23. Bd6 Nh6 24. g4 Bb7 25. Bc5 Qc7 26. Qd6 Qxd6
27. Bxd6 Nxg4 28. Rfa1 Nh6 29. Rxa6 Ke8 30. Ra8+ Kf7 31. Rf8+ Ke6 32. Re8+ Kd5
33. Re7 Nf5 34. Rxd7 Bc6 35. Rd1+ Ke6 36. Rc7 Be4 37. f4 Bxc2 38. Rd2 Be4 39.
Bf8 Nh4 40. Rd6+ Kf5 41. Rf7+ Kg4 42. Rxg7+ Kxf4 43. e6 Nf5 44. Rf7 Ke5 45.
Rxf5+ Bxf5 46. e7 Kxd6 47. e8=Q+ Kd5 48. Qxb5+ Ke4 49. Kf2 h5 50. Bg7 h4 51.
Qc4# 1-0

[Event "SR 3. liga A2 2017/2018"]
[Site "?"]
[Date "2018.01.07"]
[Round "7.1"]
[White "Planka, Peter"]
[Black "Dest, Stanislav"]
[Result "1-0"]
[WhiteElo "1791"]
[BlackElo "1520"]
[PlyCount "129"]
[EventDate "2017.??.??"]

1. e4 e5 2. Nf3 Nc6 3. Bb5 a6 4. Ba4 Nf6 5. O-O d6 6. Re1 Be7 7. c3 O-O 8. h3
Bd7 9. d4 b5 10. Bc2 exd4 11. cxd4 Qc8 12. Nbd2 Bd8 13. Nf1 h6 14. a3 Ne7 15.
b4 Ng6 16. e5 Nd5 17. Kh2 Be6 18. Qd3 Nde7 19. Nh4 Re8 20. Nxg6 Nxg6 21. exd6
cxd6 22. d5 Bd7 23. Rxe8+ Bxe8 24. Bb2 Nf8 25. Re1 Bd7 26. Ng3 Qc4 27. Qxc4
bxc4 28. Ne4 Bc7 29. Nd2 Rc8 30. Nxc4 Bb5 31. Ne3 Bb6 32. Bb3 Re8 33. Kg3 Ng6
34. Nc2 Rc8 35. Rc1 Ne7 36. Ne3 Re8 37. a4 Bd7 38. Kf3 Bxe3 39. fxe3 Nf5 40.
Re1 Nh4+ 41. Kf2 Bf5 42. Rc1 Rc8 43. Rxc8+ Bxc8 44. Bc4 Nf5 45. b5 axb5 46.
axb5 Bb7 47. Ba3 Ne7 48. e4 Nc8 49. Ke3 f6 50. Kf4 Kf7 51. Bc1 Ne7 52. Be3 Ng6+
53. Kg3 Ne5 54. Be2 Ke7 55. b6 Nd7 56. Bb5 Nb8 57. Kg4 Kf7 58. Bf4 Ke7 59. Kf5
Kf7 60. Bxd6 Bc8+ 61. Kf4 g5+ 62. Ke3 Na6 63. Bc6 Kg6 64. b7 Bxb7 65. Bxb7 1-0

[Event "SR 3. liga A2 2017/2018"]
[Site "?"]
[Date "2018.01.07"]
[Round "7.2"]
[White "Sobek, Michal"]
[Black "Blazek, Milos"]
[Result "1-0"]
[WhiteElo "1925"]
[BlackElo "1987"]
[PlyCount "57"]
[EventDate "2017.??.??"]

1. e4 e5 2. Nf3 Nc6 3. Bc4 Nf6 4. O-O Be7 5. d3 O-O 6. h3 d6 7. c3 Na5 8. Bb5
a6 9. Ba4 b5 10. Bc2 c5 11. Re1 Nc6 12. Nbd2 Qc7 13. d4 cxd4 14. cxd4 Bd7 15.
Bb1 Rac8 16. Nf1 Rfe8 17. Ng3 g6 18. Bh6 exd4 19. a3 Qa7 20. Ba2 Be6 21. Bxe6
fxe6 22. Ne2 Nxe4 23. Nexd4 Nxd4 24. Nxd4 d5 25. Be3 Qd7 26. a4 e5 27. Nf3 Bc5
28. Bxc5 Rxc5 29. Rxe4 1-0